000 00653nam a2200217Ia 4500
005 20241129104356.0
008 241129s9999||||xx |||||||||||||| ||und||
020 _a9788195189458
037 _aTextual
040 _aRTL
_beng
_cRTL
041 _aeng
_2eng
084 _aU287.49G R4
_qRTL
100 _aSinha Uttam Kumar
245 0 _aBBIN Sub-Region: Perspectives on climate-water-energy nexus
_cSinha Uttam Kumar
260 _aNew Delhi
_bPentagon Press
_c2024
300 _axiii,176p.
365 _aINR
_b995
650 _aClimate- Water- Energy-South Asia
_9726097
942 _cTB
_hU287.49G R4
999 _c1225619
_d1225619